| 000 | 00777cam a2200241 a 4500 | ||
|---|---|---|---|
| 001 | 598483 | ||
| 005 | 20180215043114.0 | ||
| 008 | 910708s1993 nyuc b 001 0 eng | ||
| 010 | _a 91026718 | ||
| 020 | _a0195065697 (acidfree paper) | ||
| 040 |
_aDLC _cDLC _dDLC |
||
| 041 | _aeng | ||
| 043 | _an-us--- | ||
| 080 | _a700.973 | ||
| 082 | 0 | 0 |
_a700.973 CRU _220 |
| 100 | 1 | _a16 | |
| 101 | _aHIS | ||
| 245 | 1 | 0 |
_aAmerican salons : _cRobert M. Crunden. |
| 504 | _aIncludes bibliographical references (p. 449-485) and index. | ||
| 906 |
_a7 _bcbc _corignew _d1 _eocip _f19 _gy-gencatlg |
||
| 942 |
_2ddc _cBK |
||
| 999 |
_c42613 _d42613 |
||